1 joueur de légende un pays - Statistiques

Statistiques générales
  • Ce quiz a été pris 223 fois
    114 depuis la dernière actualisation
  • Le résultat moyen est 10 sur 11
Statistiques - réponses
Hint Réponse % Correct
Maradona Argentine
100%
Pelé Brésil
100%
Zidane France
100%
Buffon Italie
98%
Beckenbauer Allemagne
95%
Drogba Côte d'ivoire
94%
Cruyff Pays bas
94%
Eto'o Cameroun
92%
Eusébio Portugal
89%
Yachine Russie
82%
Best Irlande du Nord
68%
Aucun quiz correspondant
Distribution des résultats
% des personnes avec chaque résultat
Percentile par nombre de réponses
Votre historique - résultats
Vous n’avez pas pris ce quiz depuis la dernière actualisation